Catálogo

Networking estratégico : (Registro nro. 65280)

Detalles MARC
000 -LEADER
fixed length control field 01452cam a2200373 i 4500
001 - CONTROL NUMBER
control field 65280
003 - CONTROL NUMBER IDENTIFIER
control field Mx-PuUPA
005 - DATE AND TIME OF LATEST TRANSACTION
control field 20240410104235.0
008 - FIXED-LENGTH DATA ELEMENTS--GENERAL INFORMATION
fixed length control field 981103s2016 mx a gr 000 0 spa d
020 ## - INTERNATIONAL STANDARD BOOK NUMBER
International Standard Book Number 9786077472247
040 ## - CATALOGING SOURCE
Original cataloging agency Mx-PuUPA
Modifying agency Mx-PuUPA
Transcribing agency Mx-PuUPA
Language of cataloging spa
Description conventions rda
041 0# - LANGUAGE CODE
Language code of text/sound track or separate title spa
100 1# - MAIN ENTRY--PERSONAL NAME
Personal name Robinett, Judy,
9 (RLIN) 11399
Relator term autor
240 10 - UNIFORM TITLE
Uniform title How to be a power connector : the 5+50+100 rule for turning your business network into profits.
Language of a work Español
245 10 - TITLE STATEMENT
Title Networking estratégico :
Remainder of title la regla del 5+50+100 para convertir su sed de contactos en ganancias /
Statement of responsibility, etc. Judy Robinett ; traducción, Beatriz Vejarano
250 ## - EDITION STATEMENT
Edition statement Primera edición
264 #1 - PRODUCTION, PUBLICATION, DISTRIBUTION, MANUFACTURE, AND COPYRIGHT NOTICE
Place of production, publication, distribution, manufacture Ciudad de México :
Name of producer, publisher, distributor, manufacturer Paidós,
Date of production, publication, distribution, manufacture, or copyright notice 2016
300 ## - PHYSICAL DESCRIPTION
Extent 328 páginas :
Other physical details ilustraciones ;
Dimensions 23 cm
336 ## - CONTENT TYPE
Fuente rdacontent
Content type term texto
Content type code txt
337 ## - MEDIA TYPE
Source rdamedia
Media type term sin medio
Media type code n
338 ## - CARRIER TYPE
Source rdacarrier
Carrier type term volumen
Carrier type code nc
490 1# - SERIES STATEMENT
Series statement Paidós empresa
500 ## - GENERAL NOTE
General note Publicada en diferentes reimpresiones.
650 #4 - SUBJECT ADDED ENTRY--TOPICAL TERM
Topical term or geographic name entry element Redes empresariales
650 #4 - SUBJECT ADDED ENTRY--TOPICAL TERM
Topical term or geographic name entry element Alianzas estratégicas (Negocios)
650 #4 - SUBJECT ADDED ENTRY--TOPICAL TERM
Topical term or geographic name entry element Medios de comunicación social
650 #4 - SUBJECT ADDED ENTRY--TOPICAL TERM
Topical term or geographic name entry element Redes sociales
700 1# - ADDED ENTRY--PERSONAL NAME
Personal name Vejarano, Beatriz,
Relator term traductor
765 08 - ORIGINAL LANGUAGE ENTRY
Main entry heading Robinett, Judy,
Title How to be a power connector : the 5+50+100 rule for turning your business network into profits.
830 #0 - SERIES ADDED ENTRY--UNIFORM TITLE
9 (RLIN) 11624
Uniform title Paidós empresa
942 ## - ADDED ENTRY ELEMENTS (KOHA)
Source of classification or shelving scheme Dewey Decimal Classification
Koha item type Libro
Classification part 650.13
Item part R628
Existencias
Withdrawn status Lost status Source of classification or shelving scheme Damaged status Not for loan Collection code Home library Current library Shelving location Date acquired Full call number Barcode Date last seen Copy number Price effective from Koha item type Total Checkouts
    Dewey Decimal Classification     General Tehuacán Tehuacán Sala general 27/04/2021 650.13 R628 2016 968000000604 08/01/2025 Ej.2 27/04/2021 Libro  
    Dewey Decimal Classification     General Tehuacán Tehuacán Sala general 28/04/2021 650.13 R628 2016 968000000538 08/01/2025   28/04/2021 Libro  
    Dewey Decimal Classification     General Tehuacán Tehuacán Sala general 12/01/2024 650.13 R628 2016 968000002006 08/01/2025 Ej.3 12/01/2024 Libro